<?xml version="1.0" encoding="UTF-8"?>
<record
    xmlns:xsi="http://www.w3.org/2001/XMLSchema-instance"
    xsi:schemaLocation="http://www.loc.gov/MARC21/slim http://www.loc.gov/standards/marcxml/schema/MARC21slim.xsd"
    xmlns="http://www.loc.gov/MARC21/slim">

  <leader>00838nam a22001937a 4500</leader>
  <datafield tag="952" ind1=" " ind2=" ">
    <subfield code="0">0</subfield>
    <subfield code="1">0</subfield>
    <subfield code="2">ddc</subfield>
    <subfield code="4">0</subfield>
    <subfield code="7">0</subfield>
    <subfield code="8">NFIC</subfield>
    <subfield code="a">ASL</subfield>
    <subfield code="b">ASL</subfield>
    <subfield code="c">GEN</subfield>
    <subfield code="d">2020-11-02</subfield>
    <subfield code="e">Complementary</subfield>
    <subfield code="l">0</subfield>
    <subfield code="o">954.92 SHP</subfield>
    <subfield code="p">102126</subfield>
    <subfield code="r">2020-11-02 00:00:00</subfield>
    <subfield code="t">C-1</subfield>
    <subfield code="w">2020-11-02</subfield>
    <subfield code="y">BK</subfield>
  </datafield>
  <datafield tag="999" ind1=" " ind2=" ">
    <subfield code="c">18890</subfield>
    <subfield code="d">18890</subfield>
  </datafield>
  <controlfield tag="003">BDDh-ASL</controlfield>
  <controlfield tag="005">20231015025739.0</controlfield>
  <controlfield tag="008">201102s2009    b  ||||| |||| 00| 0 b   d</controlfield>
  <datafield tag="040" ind1=" " ind2=" ">
    <subfield code="a">BDDh-ASL</subfield>
    <subfield code="c">BDDh-ASL</subfield>
  </datafield>
  <datafield tag="041" ind1=" " ind2=" ">
    <subfield code="a">ben</subfield>
  </datafield>
  <datafield tag="082" ind1=" " ind2=" ">
    <subfield code="a">954.92</subfield>
    <subfield code="b">SHP</subfield>
  </datafield>
  <datafield tag="100" ind1="1" ind2=" ">
    <subfield code="9">1796</subfield>
    <subfield code="a">&#x9B6;&#x9BE;&#x9B9;&#x99C;&#x9BE;&#x9B9;&#x9BE;&#x9A8;, &#x9AE;&#x9CB;&#x9B9;&#x9BE;&#x9AE;&#x9CD;&#x9AE;&#x9A6;</subfield>
  </datafield>
  <datafield tag="245" ind1="1" ind2="0">
    <subfield code="a">&#x9AA;&#x9BF;&#x9B2;&#x996;&#x9BE;&#x9A8;&#x9BE; &#x9B9;&#x9A4;&#x9CD;&#x9AF;&#x9BE;&#x995;&#x9BE;&#x9A3;&#x9CD;&#x9A1; : </subfield>
    <subfield code="b">&#x98F;&#x995; &#x995;&#x9CD;&#x9B7;&#x9AE;&#x9BE;&#x9B9;&#x9C0;&#x9A8; &#x9AC;&#x9B0;&#x9CD;&#x9AC;&#x9B0;&#x9A4;&#x9BE; / </subfield>
  </datafield>
  <datafield tag="246" ind1=" " ind2=" ">
    <subfield code="a">Pilkhana Hottakanda Ek Khomaheen Borborota </subfield>
  </datafield>
  <datafield tag="260" ind1=" " ind2=" ">
    <subfield code="a">&#x9A2;&#x9BE;&#x995;&#x9BE; :</subfield>
    <subfield code="b">&#x9AC;&#x9BE;&#x982;&#x9B2;&#x9BE; &#x9AA;&#x9CD;&#x9B0;&#x995;&#x9BE;&#x9B6;&#x9A8;&#x9C0;, </subfield>
    <subfield code="c">2009.</subfield>
  </datafield>
  <datafield tag="300" ind1=" " ind2=" ">
    <subfield code="a">&#x9E8;&#x9EB;&#x9EC; &#x9AA;&#x9C3;. :</subfield>
    <subfield code="c">&#x9E8;&#x9E8; &#x9B8;&#x9C7;. &#x9AE;&#x9BF;. </subfield>
  </datafield>
  <datafield tag="650" ind1=" " ind2="0">
    <subfield code="9">569</subfield>
    <subfield code="a">&#x9AC;&#x9BE;&#x982;&#x9B2;&#x9BE;&#x9A6;&#x9C7;&#x9B6;&#x9C7;&#x9B0; &#x987;&#x9A4;&#x9BF;&#x9B9;&#x9BE;&#x9B8;</subfield>
    <subfield code="x">&#x9AA;&#x9BF;&#x9B2;&#x996;&#x9BE;&#x9A8;&#x9BE; &#x9B9;&#x9A4;&#x9CD;&#x9AF;&#x9BE;&#x995;&#x9BE;&#x9A3;&#x9CD;&#x9A1;</subfield>
    <subfield code="x">&#x9AC;&#x9BF;&#x9A1;&#x9BF;&#x986;&#x9B0; &#x9AC;&#x9BF;&#x9A6;&#x9CD;&#x9B0;&#x9CB;&#x9B9;</subfield>
  </datafield>
  <datafield tag="942" ind1=" " ind2=" ">
    <subfield code="2">ddc</subfield>
    <subfield code="c">BK</subfield>
  </datafield>
</record>
